| 000 | 00715cab a2200241 4500 | ||
|---|---|---|---|
| 001 | X90937 | ||
| 008 | 090401t1998 xxu||||| |||| 00| 0 eng d | ||
| 035 | _a(Sirsi) u85403 | ||
| 041 | _aeng | ||
| 245 | _aP.F. Ahern (London) Ltd v SoS for the Environment and Havering BC | ||
| 260 | _c1998 | ||
| 350 | _a0 | ||
| 490 |
_aJournal of Planning and Environment Law _v[1998] JPL 351-361 |
||
| 520 | _aQBD 10 June 1997. | ||
| 650 | _aENVIRONMENTAL PROTECTION ACT 1990 | ||
| 650 | _aHAULAGE BUSINESS | ||
| 650 | _aPLANNING PERMISSION | ||
| 650 | _aTOWN AND COUNTRY PLANNING ACT 1990 | ||
| 650 | _aWASTE TRANSFER FACILITY | ||
| 690 | _aPLANNING LAW AND PRACTICE-CASE LAW | ||
| 942 | _n0 | ||
| 948 | _c02/04/1998 | ||
| 999 |
_c53705 _d53705 |
||